Black Ops 2 Tranzit Quiz(Green Run) - Statistics

General Stats
  • This quiz has been taken 673 times
  • The average score is 9 of 14
Answer Stats
Hint Answer % Correct
Where do you deposit money? Bank
92%
The map you build the Wonder Weapon(Jet Gun). Town
92%
The map where Juggernog is located. Town
92%
The map you build the Zombie Shield. Diner
77%
A chest that gives you a random weapon($950). Mystery Box
76%
The gun on the roof of the bus. B23R
75%
The hidden map inbetween the farm and the power house(WaW). Nacht der Toten
68%
The map you build the Turbine. Bus Depot
62%
The name of the knuckles that cost $6000. Galva Knuckles
59%
The map you build the Electric Trap. Power House
57%
The map you build the Turret. Power House
57%
The gun inbetween the Bus Depot and the Diner.($1200) M16
48%
What is in the Hunter's Cabin? Bowie Knife
38%
The main Easter Egg. Tower of Babble
36%
No matching quizzes found
Score Distribution
Percent of People with Each Score
Percentile by Number Answered
Your Score History
You have not taken this quiz